| 000 | 00411nam a22001697a 4500 | ||
|---|---|---|---|
| 003 | CEME | ||
| 005 | 20210628203034.0 | ||
| 008 | 210415b xxu||||| |||| 00| 0 eng d | ||
| 020 | _a0-02-948960-1 | ||
| 040 | _c. | ||
| 082 | _a696 SAN'T | ||
| 100 |
_aSanders, C.L _962978 |
||
| 245 | _aToxicological aspects of energy production | ||
| 260 |
_aNEWYORK _bMACMILLAN _c1986 |
||
| 300 | _a310P | ||
| 942 |
_cBK _2ddc |
||
| 999 |
_c571926 _d571926 |
||